Linear algebra with applications / (Record no. 592292)

000 -LEADER
fixed length control field 01421cam a2200301 a 4500
001 - CONTROL NUMBER
control field 15346553
005 - DATE AND TIME OF LATEST TRANSACTION
control field 20221111103058.0
008 - FIXED-LENGTH DATA ELEMENTS--GENERAL INFORMATION
fixed length control field 080627s2009 njua 001 0 eng
010 ## - LIBRARY OF CONGRESS CONTROL NUMBER
LC control number 2008028930
020 ## - INTERNATIONAL STANDARD BOOK NUMBER
International Standard Book Number 9780136009269
020 ## - INTERNATIONAL STANDARD BOOK NUMBER
International Standard Book Number 0136009263
035 ## - SYSTEM CONTROL NUMBER
System control number (OCoLC)ocn232922076
035 ## - SYSTEM CONTROL NUMBER
System control number (OCoLC)232922076
040 ## - CATALOGING SOURCE
Original cataloging agency DLC
Transcribing agency DLC
Modifying agency YDX
-- BAKER
-- YDXCP
-- DLC
050 00 - LIBRARY OF CONGRESS CALL NUMBER
Classification number QA184.2
Item number .B73 2009
082 00 - DEWEY DECIMAL CLASSIFICATION NUMBER
Classification number 512.5,BRE
Edition number 22
100 1# - MAIN ENTRY--PERSONAL NAME
Personal name Bretscher, Otto.
9 (RLIN) 60940
245 10 - TITLE STATEMENT
Title Linear algebra with applications /
Statement of responsibility, etc. Otto Bretscher.
250 ## - EDITION STATEMENT
Edition statement 4th ed.
260 ## - PUBLICATION, DISTRIBUTION, ETC.
Place of publication, distribution, etc. Upper Saddle River, NJ :
Name of publisher, distributor, etc. Pearson Prentice Hall,
Date of publication, distribution, etc. c2009.
300 ## - PHYSICAL DESCRIPTION
Extent xv, 478 p. :
Other physical details ill. (some col.) ;
Dimensions 27 cm.
505 ## - FORMATTED CONTENTS NOTE
Formatted contents note Liear Equations (Page-1), Linear Transformations (Page-40), Subspaces of R and Their Dimensions (Page-101), Linear Spaces (Page-153), Orthogonality and Least Squares (Page-187), Determinants (Page-249), Eigenvalues and Eigenvectors (Page-294), Symmetric Matrices and Quadratic Forms (Page-367), Linear Differntial Equations (Page-397).
650 #0 - SUBJECT ADDED ENTRY--TOPICAL TERM
Topical term or geographic name entry element Algebras, Linear
Form subdivision Textbooks.
9 (RLIN) 4602
856 41 - ELECTRONIC LOCATION AND ACCESS
Materials specified Table of contents only
Uniform Resource Identifier <a href="http://www.loc.gov/catdir/toc/ecip0822/2008028930.html">http://www.loc.gov/catdir/toc/ecip0822/2008028930.html</a>
906 ## - LOCAL DATA ELEMENT F, LDF (RLIN)
a 7
b cbc
c orignew
d 1
e ecip
f 20
g y-gencatlg
942 ## - ADDED ENTRY ELEMENTS (KOHA)
Source of classification or shelving scheme
Koha item type Book
Call number prefix 512.5,BRE
Holdings
Withdrawn status Lost status Source of classification or shelving scheme Damaged status Not for loan Permanent Location Current Location Shelving location Date acquired Total Checkouts Full call number Barcode Date last seen Date last checked out Price effective from Koha item type Public note Total Renewals
          Military College of Signals (MCS) Military College of Signals (MCS) General Stacks 11/11/2022 4 512.5,BRE MCS38075 05/02/2024 04/30/2024 11/11/2022 Book Almirah No.11, Shelf No.2  
          Military College of Signals (MCS) Military College of Signals (MCS) General Stacks 08/07/2023 3 512.5,BRE MCS38076 05/10/2024 04/17/2024 08/07/2023 Book Almirah No.11, Shelf No.2 1
© 2023 Central Library, National University of Sciences and Technology. All Rights Reserved.